[Event "European Club Cup"]
[Site "chess24.com"]
[Date "2018.10.17"]
[Round "6"]
[White "Lampen, Timo"]
[Black "Roberson, Peter T"]
[Result "0-1"]
[WhiteElo "2332"]
[BlackElo "2396"]
[Annotator ""]
[Source ""]
[Remark ""]

1.e4 {[%clk 1:30:54]} e6 {[%clk 1:30:56]} 2.d4 {[%clk 1:31:09]}
d5 {[%clk 1:31:23]} 3.Nc3 {[%clk 1:31:26]} Bb4 {[%clk 1:28:46]}
4.e5 {[%clk 1:30:18]} c5 {[%clk 1:28:50]} 5.Bd2 {[%clk 1:28:32]}
Ne7 {[%clk 1:27:44]} 6.Nb5 {[%clk 1:22:39]} Bxd2+ {[%clk 1:26:25]}
7.Qxd2 {[%clk 1:22:58]} O-O {[%clk 1:26:50]} 8.f4 {[%clk 1:09:03]}
a6 {[%clk 1:22:32]} 9.Nd6 {[%clk 1:06:44]} cxd4 {[%clk 1:22:46]}
10.Nf3 {[%clk 1:04:21]} Nbc6 {[%clk 1:19:44]} 11.Bd3 {[%clk 0:58:22]}
f6 {[%clk 1:16:59]} 12.Qe2 {[%clk 0:32:53]} Qa5+ {[%clk 1:10:51]}
13.Kd1 {[%clk 0:33:10]} Nf5 {[%clk 0:50:52]} 14.Bxf5 {[%clk 0:21:46]}
exf5 {[%clk 0:49:05]} 15.Re1 {[%clk 0:17:18]} Qb4 {[%clk 0:37:56]}
16.Rb1 {[%clk 0:17:17]} Be6 {[%clk 0:36:52]} 17.a3 {[%clk 0:16:20]}
Qb6 {[%clk 0:35:53]} 18.b4 {[%clk 0:14:17]} Rad8 {[%clk 0:28:22]}
19.Rb3 {[%clk 0:12:33]} h6 {[%clk 0:25:23]} 20.Rd3 {[%clk 0:09:40]}
fxe5 {[%clk 0:25:30]} 21.fxe5 {[%clk 0:10:02]} f4 {[%clk 0:25:41]}
22.Nh4 {[%clk 0:08:00]} Nxe5 {[%clk 0:17:44]} 23.Qxe5 {[%clk 0:08:21]}
Bg4+ {[%clk 0:15:36]} 24.Kc1 {[%clk 0:08:04]} Qxd6 {[%clk 0:15:38]}
25.h3 {[%clk 0:06:41]} Qxe5 {[%clk 0:06:20]} 26.Rxe5 {[%clk 0:07:04]}
f3 {[%clk 0:05:54]} 27.Nxf3 {[%clk 0:06:02]} Bxf3 {[%clk 0:04:35]}
28.gxf3 {[%clk 0:06:26]} Rd7 {[%clk 0:04:05]} 29.Rxd4 {[%clk 0:05:54]}
Rxf3 {[%clk 0:04:30]} 30.h4 {[%clk 0:05:53]} Rxa3 {[%clk 0:04:15]}
31.Rexd5 {[%clk 0:05:28]} Rxd5 {[%clk 0:01:18]} 32.Rxd5 {[%clk 0:05:47]}
Rf3 {[%clk 0:00:43]} 33.h5 {[%clk 0:05:18]} Rf6 {[%clk 0:00:52]}
34.Kb2 {[%clk 0:05:19]} b5 {[%clk 0:00:39]} 35.Rd8+ {[%clk 0:02:37]}
Kh7 {[%clk 0:01:03]} 36.Rd5 {[%clk 0:02:06]} g5 {[%clk 0:00:45]}
37.Rd7+ {[%clk 0:01:02]} Kg8 {[%clk 0:01:11]} 38.Kc3 {[%clk 0:01:14]}
Rf7 {[%clk 0:00:36]} 39.Rd6 {[%clk 0:01:34]} g4 {[%clk 0:00:42]}
40.Kd3 {[%clk 0:31:16]} g3 {[%clk 0:30:42]} 41.Ke2 {[%clk 0:25:03]}
g2 {[%clk 0:26:55]} 42.Rd1 {[%clk 0:24:59]} Rg7 {[%clk 0:20:39]}
43.Kf2 {[%clk 0:25:07]} g1Q+ {[%clk 0:16:06]} 44.Rxg1 {[%clk 0:23:05]}
Rxg1 {[%clk 0:16:33]} 45.Kxg1 {[%clk 0:23:28]} Kf7 {[%clk 0:17:00]}
46.Kf2 {[%clk 0:23:53]} Kf6 {[%clk 0:16:31]} 47.Ke3 {[%clk 0:24:15]}
Kg5 {[%clk 0:16:27]} 48.Kd4 {[%clk 0:24:40]} Kxh5 {[%clk 0:16:51]}
49.Kc5 {[%clk 0:25:07]} Kg6 {[%clk 0:13:27]} 50.Kb6 {[%clk 0:25:30]}
h5 {[%clk 0:13:51]} 51.Kxa6 {[%clk 0:25:56]} h4 {[%clk 0:14:17]}
52.Kxb5 {[%clk 0:26:19]} h3 {[%clk 0:14:35]} 53.c4 {[%clk 0:26:42]}
h2 {[%clk 0:15:01]} 54.c5 {[%clk 0:26:42]} h1Q {[%clk 0:15:25]}
55.c6 {[%clk 0:27:24]} Kf7 {[%clk 0:13:56]} 56.Kb6 {[%clk 0:27:22]}
Ke7 {[%clk 0:13:32]} 57.b5 {[%clk 0:27:08]} Kd8 {[%clk 0:12:56]}
58.Kb7 {[%clk 0:26:27]} Qh7+ {[%clk 0:13:16]} 59.Ka8 {[%clk 0:22:10]}
Qc7 {[%clk 0:10:35]} 60.b6 {[%clk 0:22:32]} Qxc6+ {[%clk 0:10:58]} 0-1

[Event "European Club Cup"]
[Site "chess24.com"]
[Date "2018.10.17"]
[Round "6"]
[White "Rendle, Thomas E"]
[Black "Nyysti, Sampsa"]
[Result "1-0"]
[WhiteElo "2366"]
[BlackElo "2299"]
[Annotator ""]
[Source ""]
[Remark ""]

1.f4 {[%clk 1:30:57]} d5 {[%clk 1:29:09]} 2.Nf3 {[%clk 1:31:11]}
g6 {[%clk 1:29:25]} 3.g3 {[%clk 1:31:30]} Bg7 {[%clk 1:29:50]}
4.Bg2 {[%clk 1:31:55]} Nf6 {[%clk 1:29:43]} 5.O-O {[%clk 1:32:17]}
O-O {[%clk 1:30:04]} 6.d3 {[%clk 1:32:39]} b6 {[%clk 1:28:42]}
7.Nc3 {[%clk 1:29:29]} Bb7 {[%clk 1:28:11]} 8.e4 {[%clk 1:26:04]}
dxe4 {[%clk 1:28:28]} 9.Ng5 {[%clk 1:26:03]} Nbd7 {[%clk 1:24:36]}
10.Ngxe4 {[%clk 1:13:37]} Nxe4 {[%clk 1:12:17]} 11.dxe4 {[%clk 1:09:38]}
Nc5 {[%clk 1:12:07]} 12.e5 {[%clk 1:08:05]} Bxg2 {[%clk 1:05:26]}
13.Kxg2 {[%clk 1:07:01]} f6 {[%clk 1:03:16]} 14.exf6 {[%clk 1:00:57]}
Qxd1 {[%clk 0:57:02]} 15.Rxd1 {[%clk 0:55:47]} Bxf6 {[%clk 0:56:59]}
16.Be3 {[%clk 0:50:53]} Bxc3 {[%clk 0:56:43]} 17.bxc3 {[%clk 0:51:08]}
Ne4 {[%clk 0:53:45]} 18.Rd7 {[%clk 0:45:17]} Kf7 {[%clk 0:52:09]}
19.Re1 {[%clk 0:44:01]} Nf6 {[%clk 0:48:49]} 20.Rxc7 {[%clk 0:39:36]}
Rfc8 {[%clk 0:48:49]} 21.Rb7 {[%clk 0:37:48]} Rxc3 {[%clk 0:47:53]}
22.Bf2 {[%clk 0:34:19]} Ng8 {[%clk 0:39:09]} 23.Re2 {[%clk 0:33:52]}
Ke8 {[%clk 0:35:24]} 24.Bd4 {[%clk 0:28:14]} Rc6 {[%clk 0:28:28]}
25.Be5 {[%clk 0:26:54]} a6 {[%clk 0:23:28]} 26.Rd2 {[%clk 0:17:02]}
b5 {[%clk 0:19:29]} 27.c3 {[%clk 0:16:34]} Rac8 {[%clk 0:15:51]}
28.Ra7 {[%clk 0:12:34]} Kf7 {[%clk 0:15:22]} 29.Re2 {[%clk 0:11:16]}
Re6 {[%clk 0:15:23]} 30.Kf3 {[%clk 0:10:55]} Rcc6 {[%clk 0:11:25]}
31.g4 {[%clk 0:10:12]} g5 {[%clk 0:03:21]} 32.fxg5 {[%clk 0:09:31]}
Rc5 {[%clk 0:03:33]} 33.Kf4 {[%clk 0:08:45]} Rxc3 {[%clk 0:03:47]}
34.Bxc3 {[%clk 0:07:10]} Rxe2 {[%clk 0:04:15]} 35.h4 {[%clk 0:06:05]}
Rxa2 {[%clk 0:04:24]} 36.h5 {[%clk 0:06:07]} Rc2 {[%clk 0:04:10]}
37.Be5 {[%clk 0:05:36]} Rc6 {[%clk 0:04:20]} 38.Rb7 {[%clk 0:05:21]}
Re6 {[%clk 0:02:16]} 39.Ke4 {[%clk 0:04:51]} Rc6 {[%clk 0:02:36]}
40.Kf5 {[%clk 0:33:08]} Re6 {[%clk 0:30:44]} 41.Ke4 {[%clk 0:26:18]}
Rc6 {[%clk 0:31:07]} 42.Kd5 {[%clk 0:25:43]} Re6 {[%clk 0:28:01]}
43.Rb8 {[%clk 0:23:12]} a5 {[%clk 0:28:15]} 44.Rxb5 {[%clk 0:22:36]}
Ra6 {[%clk 0:28:43]} 45.Bb2 {[%clk 0:21:34]} a4 {[%clk 0:23:00]}
46.Ba3 {[%clk 0:21:47]} Ra7 {[%clk 0:16:54]} 47.Ke4 {[%clk 0:20:15]}
Ra6 {[%clk 0:17:11]} 48.Kf5 {[%clk 0:18:08]} Kg7 {[%clk 0:17:13]}
49.Ke4 {[%clk 0:15:26]} Kf7 {[%clk 0:17:13]} 50.Kd4 {[%clk 0:14:24]}
Kg7 {[%clk 0:17:24]} 51.Kc4 {[%clk 0:12:19]} Kf7 {[%clk 0:15:55]}
52.Kd3 {[%clk 0:12:40]} Ke8 {[%clk 0:15:39]} 53.Kc4 {[%clk 0:11:29]}
Kf7 {[%clk 0:16:03]} 54.Kb4 {[%clk 0:11:01]} Re6 {[%clk 0:12:45]}
55.Kxa4 {[%clk 0:08:12]} Re4+ {[%clk 0:13:05]} 56.Rb4 {[%clk 0:08:32]}
Rxb4+ {[%clk 0:13:05]} 57.Kxb4 {[%clk 0:08:44]} Ke6 {[%clk 0:06:34]}
58.Kc4 {[%clk 0:07:29]} Ke5 {[%clk 0:06:55]} 59.Bc1 {[%clk 0:07:21]}
e6 {[%clk 0:04:35]} 60.Kd3 {[%clk 0:05:19]} Ne7 {[%clk 0:03:24]}
61.Ke3 {[%clk 0:05:30]} Nd5+ {[%clk 0:03:30]} 62.Kf3 {[%clk 0:05:53]}
Kd6 {[%clk 0:03:53]} 63.Bb2 {[%clk 0:05:05]} Ke7 {[%clk 0:04:04]}
64.g6 {[%clk 0:04:10]} 1-0

[Event "European Club Cup"]
[Site "chess24.com"]
[Date "2018.10.17"]
[Round "6"]
[White "Mcgowan, Daniel"]
[Black "Verkasalo, Tommi"]
[Result "0-1"]
[WhiteElo "2157"]
[BlackElo "2195"]
[Annotator ""]
[Source ""]
[Remark ""]

1.e4 {[%clk 1:30:56]} d6 {[%clk 1:26:58]} 2.d4 {[%clk 1:30:53]}
Nf6 {[%clk 1:27:25]} 3.Nc3 {[%clk 1:31:03]} g6 {[%clk 1:27:54]}
4.Nf3 {[%clk 1:30:12]} Bg7 {[%clk 1:28:06]} 5.h3 {[%clk 1:29:56]}
O-O {[%clk 1:28:16]} 6.Be3 {[%clk 1:22:34]} e5 {[%clk 1:23:45]}
7.dxe5 {[%clk 1:21:02]} dxe5 {[%clk 1:24:06]} 8.Qxd8 {[%clk 1:19:10]}
Rxd8 {[%clk 1:24:33]} 9.Bc4 {[%clk 1:18:28]} Nc6 {[%clk 1:21:11]}
10.Ng5 {[%clk 1:14:55]} Rd7 {[%clk 1:16:36]} 11.Bb5 {[%clk 1:04:13]}
Rd8 {[%clk 1:00:44]} 12.Bxc6 {[%clk 1:00:15]} bxc6 {[%clk 1:01:07]}
13.O-O {[%clk 0:59:54]} Bb7 {[%clk 0:49:58]} 14.Rad1 {[%clk 0:56:10]}
c5 {[%clk 0:46:04]} 15.Bxc5 {[%clk 0:51:59]} h6 {[%clk 0:46:08]}
16.Nf3 {[%clk 0:48:47]} Nxe4 {[%clk 0:46:16]} 17.Rxd8+ {[%clk 0:45:23]}
Rxd8 {[%clk 0:46:43]} 18.Bxa7 {[%clk 0:44:52]} Nxc3 {[%clk 0:46:07]}
19.bxc3 {[%clk 0:45:18]} Ra8 {[%clk 0:45:09]} 20.Bc5 {[%clk 0:44:14]}
Rxa2 {[%clk 0:42:02]} 21.Rd1 {[%clk 0:42:57]} Rxc2 {[%clk 0:39:45]}
22.Rd8+ {[%clk 0:40:57]} Kh7 {[%clk 0:40:11]} 23.Bb4 {[%clk 0:39:31]}
Rc1+ {[%clk 0:38:20]} 24.Kh2 {[%clk 0:39:55]} e4 {[%clk 0:38:02]}
25.Nd4 {[%clk 0:39:41]} Be5+ {[%clk 0:37:08]} 26.g3 {[%clk 0:39:50]}
e3 {[%clk 0:36:58]} 27.f3 {[%clk 0:39:48]} e2 {[%clk 0:33:18]} 0-1

[Event "European Club Cup"]
[Site "chess24.com"]
[Date "2018.10.17"]
[Round "6"]
[White "Kosmo, Santul"]
[Black "Varnam, Liam D"]
[Result "1-0"]
[WhiteElo "2186"]
[BlackElo "2089"]
[Annotator ""]
[Source ""]
[Remark ""]

1.e4 {[%clk 1:30:49]} e5 {[%clk 1:30:55]} 2.f4 {[%clk 1:31:08]}
d5 {[%clk 1:31:13]} 3.exd5 {[%clk 1:31:29]} exf4 {[%clk 1:31:34]}
4.Nf3 {[%clk 1:31:55]} Nf6 {[%clk 1:31:45]} 5.Bb5+ {[%clk 1:32:01]}
c6 {[%clk 1:31:18]} 6.dxc6 {[%clk 1:32:15]} Nxc6 {[%clk 1:31:28]}
7.d4 {[%clk 1:32:17]} Bd6 {[%clk 1:31:24]} 8.O-O {[%clk 1:32:03]}
O-O {[%clk 1:30:20]} 9.Nbd2 {[%clk 1:31:41]} Bg4 {[%clk 1:16:54]}
10.c3 {[%clk 1:31:46]} Bc7 {[%clk 1:08:07]} 11.Bd3 {[%clk 1:30:38]}
Re8 {[%clk 1:07:27]} 12.Re1 {[%clk 1:30:16]} Qd5 {[%clk 0:53:32]}
13.Qb3 {[%clk 1:17:54]} Qxb3 {[%clk 0:39:36]} 14.axb3 {[%clk 1:12:03]}
Bxf3 {[%clk 0:31:41]} 15.Nxf3 {[%clk 1:11:32]} Rxe1+ {[%clk 0:30:40]}
16.Nxe1 {[%clk 1:11:59]} g5 {[%clk 0:30:33]} 17.Bd2 {[%clk 1:09:31]}
Bb6 {[%clk 0:22:47]} 18.b4 {[%clk 1:00:58]} Ne5 {[%clk 0:16:15]}
19.Bf5 {[%clk 0:56:39]} Nc4 {[%clk 0:16:20]} 20.Bc1 {[%clk 0:45:57]}
Re8 {[%clk 0:14:08]} 21.Nc2 {[%clk 0:40:49]} Ne4 {[%clk 0:10:54]}
22.Kf1 {[%clk 0:35:55]} Ncd6 {[%clk 0:10:07]} 23.Bxe4 {[%clk 0:30:04]}
Rxe4 {[%clk 0:10:05]} 24.b3 {[%clk 0:26:51]} Nb5 {[%clk 0:03:26]}
25.Bb2 {[%clk 0:25:51]} f5 {[%clk 0:01:00]} 26.c4 {[%clk 0:16:16]}
Nxd4 {[%clk 0:01:20]} 27.Nxd4 {[%clk 0:16:32]} Bxd4 {[%clk 0:01:46]}
28.Bxd4 {[%clk 0:16:43]} Rxd4 {[%clk 0:02:12]} 29.Rxa7 {[%clk 0:16:55]}
Rd7 {[%clk 0:00:55]} 30.b5 {[%clk 0:16:55]} Kf7 {[%clk 0:00:38]}
31.c5 {[%clk 0:16:57]} Ke6 {[%clk 0:00:43]} 32.b4 {[%clk 0:10:51]}
g4 {[%clk 0:00:42]} 33.b6 {[%clk 0:08:56]} Kd5 {[%clk 0:00:48]}
34.Ra8 {[%clk 0:08:50]} g3 {[%clk 0:00:37]} 35.hxg3 {[%clk 0:07:43]}
fxg3 {[%clk 0:01:04]} 36.Rc8 {[%clk 0:03:28]} Kc4 {[%clk 0:00:35]}
37.Rc7 {[%clk 0:03:17]} Rd5 {[%clk 0:00:33]} 38.Rxb7 {[%clk 0:02:43]}
Kb5 {[%clk 0:00:35]} 39.Rc7 {[%clk 0:00:51]} Rd8 {[%clk 0:00:52]}
40.b7 {[%clk 0:30:45]} Rb8 {[%clk 0:31:17]} 41.c6 {[%clk 0:26:38]} 1-0

[Event "European Club Cup"]
[Site "chess24.com"]
[Date "2018.10.17"]
[Round "6"]
[White "Purton, Ben J"]
[Black "Kelo, Kauko"]
[Result "1-0"]
[WhiteElo "2115"]
[BlackElo "1592"]
[Annotator ""]
[Source ""]
[Remark ""]

1.d4 {[%clk 1:30:58]} f5 {[%clk 1:30:43]} 2.Nc3 {[%clk 1:31:21]}
Nf6 {[%clk 1:30:54]} 3.Bg5 {[%clk 1:31:39]} d6 {[%clk 1:29:18]}
4.Bxf6 {[%clk 1:31:24]} exf6 {[%clk 1:28:45]} 5.e3 {[%clk 1:31:38]}
Be6 {[%clk 1:27:43]} 6.Bd3 {[%clk 1:31:45]} d5 {[%clk 1:24:55]}
7.Qf3 {[%clk 1:31:56]} Qd7 {[%clk 1:19:33]} 8.Nge2 {[%clk 1:31:49]}
Bb4 {[%clk 1:14:00]} 9.Nf4 {[%clk 1:31:14]} g6 {[%clk 1:09:07]}
10.h4 {[%clk 1:29:55]} Nc6 {[%clk 1:04:23]} 11.h5 {[%clk 1:28:27]}
O-O-O {[%clk 1:03:17]} 12.Nxe6 {[%clk 1:21:25]} Qxe6 {[%clk 1:03:29]}
13.O-O-O {[%clk 1:20:42]} Bxc3 {[%clk 1:02:16]} 14.bxc3 {[%clk 1:21:08]}
Kb8 {[%clk 0:54:02]} 15.Kd2 {[%clk 1:19:52]} Ne7 {[%clk 0:45:17]}
16.Rb1 {[%clk 1:19:56]} g5 {[%clk 0:43:27]} 17.g3 {[%clk 1:19:55]}
g4 {[%clk 0:34:13]} 18.Qf4 {[%clk 1:18:51]} Qd6 {[%clk 0:28:33]}
19.h6 {[%clk 1:18:54]} Rhg8 {[%clk 0:23:33]} 20.Rh5 {[%clk 1:18:16]}
Qxf4 {[%clk 0:22:58]} 21.exf4 {[%clk 1:17:46]} Rg6 {[%clk 0:22:59]}
22.Re1 {[%clk 1:17:02]} Ng8 {[%clk 0:19:58]} 23.Bxf5 {[%clk 1:17:09]}
Rxh6 {[%clk 0:20:04]} 24.Reh1 {[%clk 1:17:20]} Rxh5 {[%clk 0:19:54]}
25.Rxh5 {[%clk 1:17:43]} h6 {[%clk 0:18:00]} 26.Bxg4 {[%clk 1:18:00]}
Rd6 {[%clk 0:13:37]} 27.Bf3 {[%clk 1:18:06]} c6 {[%clk 0:13:15]}
28.Be2 {[%clk 1:18:15]} Kc7 {[%clk 0:10:37]} 29.Bd3 {[%clk 1:18:36]}
Rd7 {[%clk 0:07:21]} 30.Ke3 {[%clk 1:18:45]} Re7+ {[%clk 0:07:08]}
31.Kf3 {[%clk 1:19:01]} Rg7 {[%clk 0:06:22]} 32.c4 {[%clk 1:19:12]}
dxc4 {[%clk 0:05:18]} 33.Bxc4 {[%clk 1:19:34]} Kd6 {[%clk 0:04:30]}
34.Bxg8 {[%clk 1:19:31]} Rxg8 {[%clk 0:04:58]} 35.Rxh6 {[%clk 1:19:52]}
Kd5 {[%clk 0:03:36]} 36.Ke3 {[%clk 1:19:12]} Re8+ {[%clk 0:03:46]}
37.Kd3 {[%clk 1:18:35]} Re6 {[%clk 0:01:25]} 38.c4+ {[%clk 1:18:50]}
Kd6 {[%clk 0:01:42]} 39.f5 {[%clk 1:19:03]} Re1 {[%clk 0:00:59]}
40.Rxf6+ {[%clk 1:49:06]} Kd7 {[%clk 0:30:43]} 41.Rf7+ {[%clk 1:49:03]}
Ke8 {[%clk 0:25:41]} 42.Rxb7 {[%clk 1:49:13]} Rd1+ {[%clk 0:25:47]}
43.Ke4 {[%clk 1:49:32]} Re1+ {[%clk 0:25:04]} 44.Kf4 {[%clk 1:49:54]}
Re2 {[%clk 0:24:44]} 45.Rxa7 {[%clk 1:49:42]} Rxf2+ {[%clk 0:24:59]}
46.Ke5 {[%clk 1:49:59]} 1-0

[Event "European Club Cup"]
[Site "chess24.com"]
[Date "2018.10.18"]
[Round "7"]
[White "Milosevic, Milos"]
[Black "Virtanen, Antti"]
[Result "0-1"]
[WhiteElo "2306"]
[BlackElo "2262"]
[Annotator ""]
[Source ""]
[Remark ""]

1.e4 {[%clk 1:30:59]} c5 {[%clk 1:30:50]} 2.Nc3 {[%clk 1:31:26]}
Nc6 {[%clk 1:30:48]} 3.Bb5 {[%clk 1:31:51]} Nd4 {[%clk 1:30:34]}
4.Bc4 {[%clk 1:32:16]} e6 {[%clk 1:30:10]} 5.Nge2 {[%clk 1:32:41]}
a6 {[%clk 1:25:54]} 6.Nxd4 {[%clk 1:30:28]} cxd4 {[%clk 1:26:15]}
7.Ne2 {[%clk 1:30:54]} Bc5 {[%clk 1:07:33]} 8.d3 {[%clk 1:29:10]}
Ne7 {[%clk 1:07:21]} 9.O-O {[%clk 1:26:33]} d5 {[%clk 1:05:07]}
10.exd5 {[%clk 1:26:37]} Nxd5 {[%clk 1:05:13]} 11.Ng3 {[%clk 1:25:50]}
O-O {[%clk 1:01:20]} 12.Qf3 {[%clk 1:15:30]} b5 {[%clk 1:00:11]}
13.Bxd5 {[%clk 1:15:16]} Qxd5 {[%clk 1:00:34]} 14.Qxd5 {[%clk 1:15:38]}
exd5 {[%clk 1:00:59]} 15.Bd2 {[%clk 1:13:34]} Bd7 {[%clk 1:00:54]}
16.Rfe1 {[%clk 1:13:30]} Rac8 {[%clk 1:00:07]} 17.Ne2 {[%clk 1:13:23]}
Bb6 {[%clk 0:57:07]} 18.Rac1 {[%clk 1:13:19]} Rc6 {[%clk 0:51:50]}
19.Nf4 {[%clk 1:01:38]} Be6 {[%clk 0:51:44]} 20.Re2 {[%clk 0:59:38]}
Rfc8 {[%clk 0:47:29]} 21.Nxe6 {[%clk 0:52:15]} fxe6 {[%clk 0:47:40]}
22.Bf4 {[%clk 0:52:40]} Bc7 {[%clk 0:45:15]} 23.Bxc7 {[%clk 0:51:54]}
R8xc7 {[%clk 0:45:37]} 24.Kf1 {[%clk 0:52:18]} Kf7 {[%clk 0:45:02]}
25.Ke1 {[%clk 0:52:41]} Kf6 {[%clk 0:43:52]} 26.Kd2 {[%clk 0:52:43]}
b4 {[%clk 0:42:25]} 27.Kd1 {[%clk 0:51:16]} Rc5 {[%clk 0:38:15]}
28.Ra1 {[%clk 0:50:22]} Ra5 {[%clk 0:35:27]} 29.Kc1 {[%clk 0:50:02]}
b3 {[%clk 0:32:34]} 30.Kb1 {[%clk 0:49:58]} bxc2+ {[%clk 0:31:16]}
31.Rxc2 {[%clk 0:50:11]} Rac5 {[%clk 0:31:38]} 32.Rxc5 {[%clk 0:49:56]}
Rxc5 {[%clk 0:32:01]} 33.a4 {[%clk 0:49:47]} e5 {[%clk 0:29:35]}
34.b4 {[%clk 0:44:50]} Rc3 {[%clk 0:28:54]} 35.b5 {[%clk 0:45:16]}
axb5 {[%clk 0:27:04]} 36.a5 {[%clk 0:45:39]} Rc8 {[%clk 0:22:36]}
37.Kb2 {[%clk 0:45:30]} e4 {[%clk 0:15:08]} 38.a6 {[%clk 0:44:10]}
Ke5 {[%clk 0:14:59]} 39.a7 {[%clk 0:42:51]} Ra8 {[%clk 0:15:13]}
40.dxe4 {[%clk 1:05:16]} dxe4 {[%clk 0:38:38]} 41.f3 {[%clk 1:03:35]}
exf3 {[%clk 0:34:37]} 42.gxf3 {[%clk 1:04:01]} Kf4 {[%clk 0:32:26]}
43.Kc2 {[%clk 1:04:18]} b4 {[%clk 0:27:53]} 44.Kd3 {[%clk 1:00:44]}
b3 {[%clk 0:27:54]} 45.Kxd4 {[%clk 1:00:57]} b2 {[%clk 0:28:10]}
46.Rb1 {[%clk 1:01:20]} Rxa7 {[%clk 0:28:31]} 47.Rxb2 {[%clk 1:01:44]}
Rd7+ {[%clk 0:28:50]} 48.Kc5 {[%clk 1:02:09]} Kxf3 {[%clk 0:28:40]}
49.Kc6 {[%clk 1:02:31]} Rf7 {[%clk 0:26:10]} 50.Kd6 {[%clk 1:02:53]}
g5 {[%clk 0:26:10]} 51.Ke6 {[%clk 1:02:42]} Rf4 {[%clk 0:26:13]}
52.Ke5 {[%clk 1:02:49]} h5 {[%clk 0:25:54]} 53.Rb3+ {[%clk 1:00:15]}
Kg4 {[%clk 0:26:01]} 54.Rg3+ {[%clk 0:59:45]} Kh4 {[%clk 0:26:22]}
55.Rg2 {[%clk 1:00:02]} Rf3 {[%clk 0:26:14]} 56.Ke4 {[%clk 0:59:50]}
g4 {[%clk 0:26:28]} 57.Ra2 {[%clk 0:59:46]} Kh3 {[%clk 0:26:24]}
58.Rb2 {[%clk 0:59:43]} Rf1 {[%clk 0:24:58]} 59.Rb3+ {[%clk 1:00:08]}
Kxh2 {[%clk 0:24:58]} 0-1

[Event "European Club Cup"]
[Site "chess24.com"]
[Date "2018.10.18"]
[Round "7"]
[White "Pulkkinen, Kari"]
[Black "Popovic, Milan S"]
[Result "1-0"]
[WhiteElo "2239"]
[BlackElo "2309"]
[Annotator ""]
[Source ""]
[Remark ""]

1.e4 {[%clk 1:30:55]} c5 {[%clk 1:30:56]} 2.Nf3 {[%clk 1:31:18]}
d6 {[%clk 1:31:22]} 3.d4 {[%clk 1:31:36]} cxd4 {[%clk 1:31:48]}
4.Nxd4 {[%clk 1:31:59]} Nf6 {[%clk 1:32:15]} 5.Nc3 {[%clk 1:32:17]}
a6 {[%clk 1:32:40]} 6.Be2 {[%clk 1:32:38]} e5 {[%clk 1:33:05]}
7.Nf3 {[%clk 1:32:49]} Be7 {[%clk 1:31:31]} 8.Bg5 {[%clk 1:30:43]}
Nbd7 {[%clk 1:31:48]} 9.a4 {[%clk 1:30:02]} h6 {[%clk 1:31:41]}
10.Be3 {[%clk 1:30:00]} Ng4 {[%clk 1:21:52]} 11.Bc1 {[%clk 1:29:05]}
Ngf6 {[%clk 1:22:16]} 12.Be3 {[%clk 1:27:58]} b6 {[%clk 1:20:27]}
13.Nd2 {[%clk 1:21:58]} Bb7 {[%clk 1:20:12]} 14.Nc4 {[%clk 1:18:31]}
Qc7 {[%clk 1:19:52]} 15.Nd5 {[%clk 1:15:28]} Nxd5 {[%clk 1:07:39]}
16.exd5 {[%clk 1:15:47]} Bg5 {[%clk 0:55:14]} 17.O-O {[%clk 1:03:51]}
Bxe3 {[%clk 0:51:58]} 18.Nxe3 {[%clk 1:03:50]} O-O {[%clk 0:50:25]}
19.Ra3 {[%clk 0:57:29]} Nf6 {[%clk 0:42:49]} 20.c4 {[%clk 0:47:13]}
a5 {[%clk 0:42:14]} 21.f4 {[%clk 0:41:59]} Ne4 {[%clk 0:31:18]}
22.Bd3 {[%clk 0:36:26]} exf4 {[%clk 0:21:03]} 23.Rxf4 {[%clk 0:33:38]}
Nc5 {[%clk 0:19:37]} 24.Nf5 {[%clk 0:30:13]} Bc8 {[%clk 0:19:30]}
25.Nxh6+ {[%clk 0:25:00]} gxh6 {[%clk 0:19:35]} 26.Qh5 {[%clk 0:25:07]}
f5 {[%clk 0:13:06]} 27.Bb1 {[%clk 0:20:30]} Rf6 {[%clk 0:09:53]}
28.Qe8+ {[%clk 0:15:11]} Kh7 {[%clk 0:10:07]} 29.Re3 {[%clk 0:14:30]}
Ra7 {[%clk 0:03:02]} 30.Rg4 {[%clk 0:14:24]} Qf7 {[%clk 0:01:38]}
31.Qxc8 {[%clk 0:14:13]} Rc7 {[%clk 0:01:31]} 32.Qd8 {[%clk 0:11:58]}
Rd7 {[%clk 0:01:13]} 33.Qxb6 {[%clk 0:09:29]} Rb7 {[%clk 0:01:35]}
34.Qxa5 {[%clk 0:09:35]} Rxb2 {[%clk 0:01:52]} 35.Qe1 {[%clk 0:09:52]}
Rb7 {[%clk 0:00:48]} 36.Bc2 {[%clk 0:08:43]} Qh5 {[%clk 0:00:34]}
37.h3 {[%clk 0:07:54]} Rbf7 {[%clk 0:00:42]} 38.Re8 {[%clk 0:07:05]}
Rg6 {[%clk 0:00:54]} 39.Rxg6 {[%clk 0:03:30]} Qxg6 {[%clk 0:01:09]}
40.Re7 {[%clk 0:33:05]} Kg7 {[%clk 0:31:01]} 41.Rxf7+ {[%clk 0:30:56]}
Kxf7 {[%clk 0:31:04]} 42.Qf2 {[%clk 0:31:10]} Qf6 {[%clk 0:31:03]}
43.Bxf5 {[%clk 0:30:12]} Ke7 {[%clk 0:27:03]} 44.Bc2 {[%clk 0:27:54]}
Qc3 {[%clk 0:27:26]} 45.Qe2+ {[%clk 0:24:21]} Kd8 {[%clk 0:27:33]}
46.Kh2 {[%clk 0:24:24]} Nd7 {[%clk 0:27:28]} 47.Qd3 {[%clk 0:23:57]}
Qa1 {[%clk 0:26:58]} 48.Qe3 {[%clk 0:22:58]} Nc5 {[%clk 0:26:07]}
49.Qf4 {[%clk 0:22:45]} Kc7 {[%clk 0:26:22]} 50.Qf7+ {[%clk 0:22:43]}
Nd7 {[%clk 0:25:24]} 51.Qe7 {[%clk 0:22:31]} Qd4 {[%clk 0:25:39]}
52.Qe4 {[%clk 0:20:44]} Qc3 {[%clk 0:25:29]} 53.Bd1 {[%clk 0:20:36]}
Ne5 {[%clk 0:24:14]} 54.Be2 {[%clk 0:19:53]} Nd7 {[%clk 0:24:06]}
55.Bg4 {[%clk 0:18:46]} Ne5 {[%clk 0:24:12]} 56.Qh7+ {[%clk 0:18:44]}
Kb6 {[%clk 0:24:22]} 57.Qxh6 {[%clk 0:17:48]} Nxc4 {[%clk 0:21:34]}
58.Qf4 {[%clk 0:16:01]} Kc5 {[%clk 0:21:49]} 59.Bf3 {[%clk 0:15:45]}
Nd2 {[%clk 0:20:50]} 60.h4 {[%clk 0:15:02]} Qc1 {[%clk 0:16:49]}
61.Qf7 {[%clk 0:12:19]} Qe1 {[%clk 0:16:24]} 62.Kh3 {[%clk 0:10:09]}
Nf1 {[%clk 0:15:35]} 63.Qc7+ {[%clk 0:10:22]} Kd4 {[%clk 0:15:53]}
64.Qxd6 {[%clk 0:10:43]} Ne3 {[%clk 0:15:41]} 65.h5 {[%clk 0:08:36]}
Qh1+ {[%clk 0:15:59]} 66.Qh2 {[%clk 0:09:00]} Qe1 {[%clk 0:15:41]}
67.Qf4+ {[%clk 0:08:55]} Kc5 {[%clk 0:16:03]} 68.h6 {[%clk 0:08:42]}
Qh1+ {[%clk 0:12:25]} 69.Qh2 {[%clk 0:09:02]} 1-0

[Event "European Club Cup"]
[Site "chess24.com"]
[Date "2018.10.18"]
[Round "7"]
[White "Matovic, Mihajlo Z"]
[Black "Issakainen, Ari"]
[Result "0-1"]
[WhiteElo "2234"]
[BlackElo "2185"]
[Annotator ""]
[Source ""]
[Remark ""]

1.e4 {[%clk 1:30:59]} c5 {[%clk 1:30:32]} 2.Nf3 {[%clk 1:31:26]}
e6 {[%clk 1:30:31]} 3.d4 {[%clk 1:31:52]} cxd4 {[%clk 1:30:55]}
4.Nxd4 {[%clk 1:32:20]} a6 {[%clk 1:30:50]} 5.Bd3 {[%clk 1:32:46]}
Nf6 {[%clk 1:30:37]} 6.O-O {[%clk 1:33:10]} Qc7 {[%clk 1:30:24]}
7.Qe2 {[%clk 1:33:04]} d6 {[%clk 1:30:32]} 8.c4 {[%clk 1:33:13]}
Nbd7 {[%clk 1:30:17]} 9.Nc3 {[%clk 1:28:59]} Ne5 {[%clk 1:30:09]}
10.Kh1 {[%clk 1:26:54]} Bd7 {[%clk 1:27:23]} 11.Bd2 {[%clk 1:20:59]}
g6 {[%clk 1:22:22]} 12.f4 {[%clk 1:20:37]} Nxd3 {[%clk 1:22:37]}
13.Qxd3 {[%clk 1:21:03]} Bg7 {[%clk 1:22:21]} 14.f5 {[%clk 1:19:16]}
O-O {[%clk 1:16:44]} 15.Bg5 {[%clk 1:14:52]} Rac8 {[%clk 1:13:10]}
16.Nf3 {[%clk 1:07:00]} exf5 {[%clk 1:06:46]} 17.e5 {[%clk 0:52:22]}
Ne4 {[%clk 0:45:59]} 18.Nd5 {[%clk 0:47:01]} Qxc4 {[%clk 0:45:52]}
19.Qxc4 {[%clk 0:46:51]} Rxc4 {[%clk 0:46:17]} 20.Nb6 {[%clk 0:47:18]}
Nxg5 {[%clk 0:38:36]} 21.Nxg5 {[%clk 0:44:23]} Rc7 {[%clk 0:26:05]}
22.exd6 {[%clk 0:43:54]} Rc6 {[%clk 0:26:32]} 23.Nxd7 {[%clk 0:40:59]}
Rd8 {[%clk 0:26:50]} 24.Rae1 {[%clk 0:40:46]} h6 {[%clk 0:23:52]}
25.Nxf7 {[%clk 0:32:02]} Rxd7 {[%clk 0:23:32]} 26.Ne5 {[%clk 0:32:27]}
Bxe5 {[%clk 0:23:49]} 27.Rxe5 {[%clk 0:32:56]} Rcxd6 {[%clk 0:23:59]}
28.Rfe1 {[%clk 0:30:45]} Rd2 {[%clk 0:23:23]} 29.Re6 {[%clk 0:31:03]}
Kf7 {[%clk 0:23:32]} 30.Rb6 {[%clk 0:29:53]} Rd1 {[%clk 0:20:55]}
31.Rbe6 {[%clk 0:30:18]} R7d2 {[%clk 0:20:48]} 32.Re7+ {[%clk 0:30:20]}
Kf6 {[%clk 0:21:19]} 33.R7e6+ {[%clk 0:30:13]} Kg5 {[%clk 0:21:41]} 0-1